5HLuxD.jpg

KING HENRY VIII SENIOR AND PRIMARY SCHOOL LIBRARY OPAC

Juniors / (Record no. 1138)

000 -LEADER
fixed length control field 01038cam a2200301 a 4500
001 - CONTROL NUMBER
control field (Sirsi) a1002137
003 - CONTROL NUMBER IDENTIFIER
control field OSt
005 - DATE AND TIME OF LATEST TRANSACTION
control field 20211206091256.0
008 - FIXED-LENGTH DATA ELEMENTS--GENERAL INFORMATION
fixed length control field 141101s2015 nyu d 000 1 eng
010 ## - LIBRARY OF CONGRESS CONTROL NUMBER
LC control number 2014040377
020 ## - INTERNATIONAL STANDARD BOOK NUMBER
International Standard Book Number 9780399173608
Qualifying information (hbk.) :
040 ## - CATALOGING SOURCE
Original cataloging agency DLC
Language of cataloging eng
Transcribing agency DLC
Modifying agency DLC
-- TAE
-- KH8
042 ## - AUTHENTICATION CODE
Authentication code nbic
082 0# - DEWEY DECIMAL CLASSIFICATION NUMBER
Classification number FIC HEM
100 1# - MAIN ENTRY--PERSONAL NAME
Personal name Hemmings, Kaui Hart.
245 10 - TITLE STATEMENT
Title Juniors /
Statement of responsibility, etc. Kaui Hart Hemmings.
260 ## - PUBLICATION, DISTRIBUTION, ETC.
Place of publication, distribution, etc. New York, NY :
Name of publisher, distributor, etc. G. P. Putnam's Sons, an imprint of Penguin Group (USA),
Date of publication, distribution, etc. [2015]
300 ## - PHYSICAL DESCRIPTION
Extent 314 p. ;
Dimensions 22 cm.
520 ## - SUMMARY, ETC.
Summary, etc. Seventeen-year-old Lea Lane must navigate a complex web of friendships and relationships after she and her mother move into the guest cottage of the fabulously wealthy West family in Honolulu.
521 1# - TARGET AUDIENCE NOTE
Target audience note Ages 13 up.
650 #1 - SUBJECT ADDED ENTRY--TOPICAL TERM
Topical term or geographic name entry element Interpersonal relations
Form subdivision Fiction.
650 #1 - SUBJECT ADDED ENTRY--TOPICAL TERM
Topical term or geographic name entry element Friendship
Form subdivision Fiction.
650 #1 - SUBJECT ADDED ENTRY--TOPICAL TERM
Topical term or geographic name entry element Wealth
Form subdivision Fiction.
650 #1 - SUBJECT ADDED ENTRY--TOPICAL TERM
Topical term or geographic name entry element High schools
Form subdivision Fiction.
650 #1 - SUBJECT ADDED ENTRY--TOPICAL TERM
Topical term or geographic name entry element Schools
Form subdivision Fiction.
651 #1 - SUBJECT ADDED ENTRY--GEOGRAPHIC NAME
Geographic name Hawaii
Form subdivision Fiction.
942 ## - ADDED ENTRY ELEMENTS (KOHA)
Source of classification or shelving scheme
Koha item type Books - Fiction
Holdings
Withdrawn status Lost status Source of classification or shelving scheme Damaged status Not for loan Collection code Permanent Location Current Location Shelving location Date acquired Total Checkouts Full call number Barcode Date last seen Date last checked out Price effective from Koha item type
          Fiction KH8 Senior School Library KH8 Senior School Library Young Adult 2021-12-06 1 FIC HEM 3KHSL000101866 2025-04-16 2025-03-26 2021-12-06 Books - Fiction

Powered By KH8 IT Dept